00346pab a2200109 454500008004000000100001800040245007500058260000900133300000900142650003700151773004800188180718b1988 xxu||||| |||| 00| 0 eng d aPhillip, O.A. aAn empirical preview of the proposed agricultural insurance in Nigeria c1988 a5-14 aInsurance, Agriculture - Nigeria aAfrican Review of Money Finance and Banking